Metodické problémy výpočtu cenových indexů v čs. zahraničním obchodě

Guardado en:
Detalles Bibliográficos
Formato: Libro
Lenguaje:checo
Publicado: Praha Výzkumný ústav soc. ekon. inf. a automat. v řízení 1984
Colección:Výzkumné práce č. 30
Etiquetas: Agregar Etiqueta
Sin Etiquetas, Sea el primero en etiquetar este registro!

MARC

LEADER 00000nam a2200000 4500
001 c109502
005 20041019155144.2
041 0 |a cze 
044 |a CZ 
245 1 0 |a Metodické problémy výpočtu cenových indexů v čs. zahraničním obchodě 
264 1 |a Praha  |b Výzkumný ústav soc. ekon. inf. a automat. v řízení  |c 1984 
300 |a 31 s. 
490 1 |a Výzkumné práce  |v č. 30 
830 0 |a Výzkumné práce  |v č. 30